书目信息 |
| 题名: |
思想政治工作创新实录
|
|
| 作者: | ;中共河北省委宣传部河北省职工思想政治工作研究会 编 | |
| 分册: | ||
| 出版信息: | 石家庄 河北人民出版社 2002 |
|
| 页数: | 336页 | |
| 开本: | 20cm | |
| 丛书名: | ||
| 单 册: | ||
| 中图分类: | D412.62 | |
| 科图分类: | ||
| 主题词: | 企业--政治工作--经验--河北省 | |
| 电子资源: | ||
| ISBN: | 7-202-03076-4 | |
| 000 | 00849nam0 2200193 450 | |
| 001 | 0735016188 | |
| 005 | 20070725085157.79 | |
| 010 | @a7-202-03076-4@dCNY20.00 | |
| 100 | @a20070721d2002 km y0chiy0120 ea | |
| 101 | 0 | @achi |
| 102 | @aCN@b130000 | |
| 200 | 1 | @a思想政治工作创新实录@Asi xiang zheng zhi gong zuo chuang xin shi lu@f中共河北省委宣传部河北省职工思想政治工作研究会编@Fzhong gong he bei sheng wei xuan chuan bu he bei sheng zhi gong si xiang zheng zhi gong zuo yan jiu hui bian |
| 210 | @a石家庄@c河北人民出版社@d2002 | |
| 215 | @a336页@d20cm | |
| 606 | 0 | @a企业@x政治工作@x经验@y河北省 |
| 690 | @aD412.62@v3 | |
| 711 | 02 | @a中共河北省委宣传部河北省职工思想政治工作研究会@Azhong gong he bei sheng wei xuan chuan bu he bei sheng zhi gong si xiang zheng zhi gong zuo yan jiu hui@4编 |
| 801 | 0 | @aCN@bPFT@c20070725 |
| 905 | @a10447@dD412.62@e30 | |
| 思想政治工作创新实录/中共河北省委宣传部河北省职工思想政治工作研究会编.-石家庄:河北人民出版社,2002 |
| 336页;20cm |
| ISBN 7-202-03076-4:CNY20.00 |
| ● |
| 相关链接 |
|
|
|
|
正题名:思想政治工作创新实录
索取号:D412.62/30
 
预约/预借
| 序号 | 登录号 | 条形码 | 馆藏地/架位号 | 状态 | 备注 |
| 1 | 0769105 | 207691050 | 第一样本阅览室/ [索取号:D412.62/30] | 在馆 |